| 000 -LEADER |
| fixed length control field |
00639nam a22001337a 4500 |
| 005 - DATE AND TIME OF LATEST TRANSACTION |
| control field |
20231113121757.0 |
| 008 - FIXED-LENGTH DATA ELEMENTS--GENERAL INFORMATION |
| fixed length control field |
231113s1964 ru ||||| |||| 00| 0 rus d |
| 080 ## - UNIVERSAL DECIMAL CLASSIFICATION NUMBER |
| Universal Decimal Classification number |
7(3) П-15 |
| 245 ## - TITLE STATEMENT |
| Title |
Памятники позднего античного ораторского и эпистолярного искусства II–V века. |
| 264 ## - PRODUCTION, PUBLICATION, DISTRIBUTION, MANUFACTURE, AND COPYRIGHT NOTICE |
| Place of production, publication, distribution, manufacture |
Москва : |
| Name of producer, publisher, distributor, manufacturer |
Наука, |
| Date of production, publication, distribution, manufacture, or copyright notice |
1964. |
| 300 ## - PHYSICAL DESCRIPTION |
| Extent |
234 стр. |
| Other physical details |
ил.; |
| Dimensions |
22 см. |
| 653 ## - INDEX TERM--UNCONTROLLED |
| keyword |
გვიანანტიკური ორატორული და ეპისტოლარული ხელოვნების ძეგლები |
| 942 ## - ADDED ENTRY ELEMENTS (KOHA) |
| Source of classification or shelving scheme |
|
| Koha item type |
წიგნი |